[Event "Hong Kong op"]
[Site "Hong Kong"]
[Date "2023.12.27"]
[Round "7"]
[White "Jeeradit, Metha"]
[Black "Liu, Cheng"]
[Result "0-1"]
[WhiteElo "1297"]
[BlackElo "1825"]
[PlyCount "102"]
[EventDate "2023.12.24"]
[EventType "swiss"]
[EventRounds "9"]
[EventCountry "HKG"]
[SourceTitle "CB01_2024"]
[SourceDate "2024.01.03"]
[SourceVersion "1"]
[SourceVersionDate "2024.01.03"]
[SourceQuality "1"]

1. e4 e5 2. Nf3 d6 3. d4 exd4 4. Nxd4 Nf6 5. Nc3 Be7 6. Bf4 0-0 7. Qd2 Nc6 8. 0-0-0 Nxd4 9. Qxd4 Be6 10. f3 a6 11. g4 b5 12. Nd5 Nxd5 13. exd5 Bf6 14. Qd2 Bd7 15. g5 Be5 16. Be3 g6 17. f4 Bg7 18. h4 c5 19. dxc6 Bxc6 20. Bg2 Bxg2 21. Qxg2 Re8 22. Bc5 Qa5 23. Bd4 Bxd4 24. Rxd4 Qxa2 25. c3 Rac8 26. Qc2 Qa1+ 27. Qb1 Rxc3+ 28. Kd2 Qxb1 29. Rxb1 Rc4 30. Kd3 d5 31. Ra1 Rxd4+ 32. Kxd4 Re4+ 33. Kxd5 Rxf4 34. Rxa6 Rb4 35. Kc5 Rxb2 36. Rb6 Rh2 37. Rxb5 Rxh4 38. Kd6 Re4 39. Rb1 Kg7 40. Rg1 h6 41. Kd5 Re2 42. gxh6+ Kxh6 43. Rh1+ Kg7 44. Rg1 f5 45. Ra1 f4 46. Ra7+ Kh6 47. Kd4 g5 48. Ra6+ Kh5 49. Kd3 f3 50. Ra5 Re8 51. Rf5 Kg4 0-1

[Event "Hong Kong op"]
[Site "Hong Kong"]
[Date "2023.12.26"]
[Round "5"]
[White "Heng, Jr Herng Kyan"]
[Black "Liu, Cheng"]
[Result "1-0"]
[WhiteElo "1358"]
[BlackElo "1825"]
[PlyCount "135"]
[EventDate "2023.12.24"]
[EventType "swiss"]
[EventRounds "9"]
[EventCountry "HKG"]
[SourceTitle "CB01_2024"]
[SourceDate "2024.01.03"]
[SourceVersion "1"]
[SourceVersionDate "2024.01.03"]
[SourceQuality "1"]

1. e4 e5 2. Nf3 d6 3. d4 exd4 4. Nxd4 Nf6 5. Nc3 Be7 6. Bc4 0-0 7. f3 c6 8. Be3 b5 9. Be2 b4 10. Nb1 c5 11. Nb3 Bb7 12. 0-0 Qc7 13. c4 a5 14. Nc1 a4 15. Nd3 Nbd7 16. Nd2 Nb6 17. Nf2 Ne8 18. Nh1 Bf6 19. Rb1 g6 20. Nf2 Bg7 21. Re1 Qd8 22. Bf1 Nc7 23. Nd3 Ne6 24. Qc1 Nd4 25. Nf4 Bc8 26. Nd5 f5 27. Nxb6 Qxb6 28. Bd3 f4 29. Bf2 Be5 30. Qd1 Qc7 31. Bf1 g5 32. Be2 h5 33. Rf1 Qg7 34. Bxd4 Bxd4+ 35. Kh1 Bxb2 36. Nb3 Ra6 37. Nc1 Bd4 38. Nd3 Be6 39. Qc2 Rb8 40. Rfd1 Qf7 41. Bf1 Bc3 42. Nb2 Rba8 43. a3 Bxb2 44. Rxb2 b3 45. Qc3 Qg7 46. Qc1 Qf6 47. Be2 Qe5 48. Qd2 Kf7 49. Qc1 Ke7 50. Qd2 Rg8 51. Rbb1 Rb8 52. Rb2 Rg8 53. Rbb1 g4 54. Qe1 Qg5 55. Rdc1 gxf3 56. Bxf3 Bg4 57. Qf2 Qe5 58. Rd1 Be6 59. Rdc1 Raa8 60. Qe1 Bg4 61. Qf2 Rg6 62. Rg1 Rag8 63. Rbd1 Bxf3 64. Qxf3 Qg5 65. e5 dxe5 66. Qb7+ Kf8 67. Rd7 Re6 68. Rf7+ 1-0

[Event "Hong Kong op"]
[Site "Hong Kong"]
[Date "2023.12.25"]
[Round "3"]
[White "Liu, Fung Ming Mathew"]
[Black "Liu, Cheng"]
[Result "1-0"]
[WhiteElo "1463"]
[BlackElo "1825"]
[PlyCount "79"]
[EventDate "2023.12.24"]
[EventType "swiss"]
[EventRounds "9"]
[EventCountry "HKG"]
[SourceTitle "CB01_2024"]
[SourceDate "2024.01.03"]
[SourceVersion "1"]
[SourceVersionDate "2024.01.03"]
[SourceQuality "1"]

1. e4 e5 2. Nf3 d6 3. d4 exd4 4. Nxd4 Nf6 5. Nc3 Be7 6. Bc4 0-0 7. 0-0 c6 8. Bb3 a5 9. a4 Na6 10. Re1 Re8 11. Qf3 Nc5 12. Ba2 Bg4 13. Qg3 Bf8 14. Bg5 Be6 15. f3 Bxa2 16. Rxa2 Ne6 17. Be3 Nh5 18. Qg4 Nxd4 19. Bxd4 g6 20. Ne2 d5 21. Raa1 c5 22. Bc3 d4 23. Bd2 Qb6 24. Rab1 c4 25. Kf1 Rad8 26. Qg5 Ra8 27. Red1 Qd6 28. g4 Be7 29. Qd5 d3 30. Qxd6 dxe2+ 31. Kxe2 Bxd6 32. gxh5 f5 33. Be3 Bxh2 34. hxg6 hxg6 35. Rh1 Bc7 36. Rbg1 Ra6 37. Rh6 fxe4 38. f4 Ree6 39. Rgh1 Bb6 40. Rh8+ 1-0

[Event "London Classic op 10th"]
[Site "London"]
[Date "2018.12.10"]
[Round "2"]
[White "Liu, Cheng"]
[Black "Jyothilal, Narayanan"]
[Result "1-0"]
[WhiteElo "1840"]
[BlackElo "2078"]
[PlyCount "83"]
[EventDate "2018.12.09"]
[EventType "swiss"]
[EventRounds "9"]
[EventCountry "ENG"]
[SourceTitle "CBM 187 Extra"]
[Source "ChessBase"]
[SourceDate "2018.11.04"]
[SourceVersion "1"]
[SourceVersionDate "2018.11.04"]
[SourceQuality "1"]

1. d4 Nf6 2. c4 g6 3. f3 d5 4. cxd5 Nxd5 5. e4 Nb6 6. Be3 Bg7 7. Nc3 0-0 8. Rc1 Nc6 9. d5 Ne5 10. b3 c6 11. Nge2 cxd5 12. exd5 Bd7 13. Ne4 Bb5 14. Nf4 Bxf1 15. Kxf1 Qd7 16. Nc5 Qf5 17. g4 Qf6 18. Ne4 Qh4 19. Bf2 Nxd5 20. Bxh4 Ne3+ 21. Ke2 Nxd1 22. Rhxd1 f5 23. Ne6 fxe4 24. Nxf8 exf3+ 25. Kf1 Bxf8 26. h3 Nc6 27. Rc3 Bg7 28. Rxf3 Nd4 29. Rfd3 e5 30. Bf2 Rf8 31. Kg2 Ne6 32. Be3 g5 33. Rd7 e4 34. Re7 Rf6 35. Rxb7 Bf8 36. Rb5 Nf4+ 37. Kh1 Nxh3 38. Rf5 Rh6 39. Kg2 Nf4+ 40. Bxf4 gxf4 41. Rxf4 e3 42. Rd8 1-0

[Event "Hong Kong Jolimark op"]
[Site "Hong Kong"]
[Date "2017.12.26"]
[Round "7"]
[White "Zeng, Chongsheng"]
[Black "Liu, Cheng"]
[Result "1-0"]
[WhiteElo "2547"]
[BlackElo "1801"]
[PlyCount "81"]
[EventDate "2017.12.23"]
[EventType "swiss"]
[EventRounds "9"]
[EventCountry "HKG"]
[SourceTitle "CBM 182 Extra"]
[Source "ChessBase"]
[SourceDate "2018.02.23"]
[SourceVersion "1"]
[SourceVersionDate "2018.02.23"]
[SourceQuality "1"]

1. d4 Nf6 2. c4 g6 3. Nc3 Bg7 4. e4 d6 5. Nf3 0-0 6. h3 c5 7. d5 a6 8. a4 a5 9. Bg5 Na6 10. Qd2 Nb4 11. Be2 Nd7 12. 0-0 Ne5 13. Nh2 f6 14. Bh4 g5 15. Bg3 Bd7 16. Bxe5 dxe5 17. Rad1 Rf7 18. Bh5 Rf8 19. Ng4 Ra6 20. Ne3 Qc8 21. Qe2 Rb6 22. Bg4 Rf7 23. Bxd7 Qxd7 24. Nf5 Bf8 25. h4 e6 26. dxe6 Qxe6 27. Rd8 Nc6 28. Nh6+ Kg7 29. Nxf7 Qxf7 30. Rd5 Nd4 31. Qg4 h5 32. Qc8 Rc6 33. Qh3 g4 34. Qd3 Rb6 35. Nb5 Rxb5 36. axb5 b6 37. f4 gxf3 38. Rxf3 Nxf3+ 39. Qxf3 Kg6 40. Qf5+ Kh6 41. Rxe5 1-0

[Event "Hong Kong Jolimark op"]
[Site "Hong Kong"]
[Date "2017.12.25"]
[Round "5"]
[White "Causo, Deniel"]
[Black "Liu, Cheng"]
[Result "1-0"]
[WhiteElo "2279"]
[BlackElo "1801"]
[PlyCount "61"]
[EventDate "2017.12.23"]
[EventType "swiss"]
[EventRounds "9"]
[EventCountry "HKG"]
[SourceTitle "CBM 182 Extra"]
[Source "ChessBase"]
[SourceDate "2018.02.23"]
[SourceVersion "1"]
[SourceVersionDate "2018.02.23"]
[SourceQuality "1"]

1. e4 e5 2. Nf3 d6 3. d4 exd4 4. Nxd4 Nf6 5. Nc3 Be7 6. Be2 0-0 7. Bf4 Bd7 8. g4 Nc6 9. Nf5 Bxf5 10. gxf5 Nd7 11. Qd2 Bf6 12. 0-0-0 Re8 13. f3 Nd4 14. Nd5 Nxe2+ 15. Qxe2 Bg5 16. Rhg1 Bxf4+ 17. Nxf4 Qh4 18. Rg4 Qh6 19. Qf2 g6 20. Rdg1 Ne5 21. Rh4 Qg7 22. Nh5 Qh8 23. Rf4 Kf8 24. fxg6 hxg6 25. Nf6 Re6 26. Nd5 Qh6 27. Kb1 Rc8 28. Qg3 c6 29. Rh4 Qg7 30. Qh3 Kg8 31. Ne7+ 1-0

[Event "Hong Kong Jolimark op"]
[Site "Hong Kong"]
[Date "2017.12.23"]
[Round "2"]
[White "Liu, Cheng"]
[Black "Zuo, Yifan"]
[Result "1/2-1/2"]
[WhiteElo "1801"]
[BlackElo "2353"]
[PlyCount "116"]
[EventDate "2017.12.23"]
[EventType "swiss"]
[EventRounds "9"]
[EventCountry "HKG"]
[SourceTitle "CBM 182 Extra"]
[Source "ChessBase"]
[SourceDate "2018.02.23"]
[SourceVersion "1"]
[SourceVersionDate "2018.02.23"]
[SourceQuality "1"]

1. d4 Nf6 2. c4 e6 3. Nf3 Bb4+ 4. Bd2 Qe7 5. a3 Bxd2+ 6. Nbxd2 d6 7. e3 0-0 8. Be2 e5 9. dxe5 dxe5 10. 0-0 e4 11. Nd4 c5 12. Nb5 Nc6 13. Qc2 Bf5 14. Rfd1 Rad8 15. Nf1 h5 16. Rxd8 Rxd8 17. Rd1 a6 18. Nc3 h4 19. Rxd8+ Qxd8 20. Qd2 Qe7 21. Nd5 Nxd5 22. Qxd5 g6 23. g4 Be6 24. Qxe4 Qf6 25. Qc2 Ne5 26. Qe4 Nc6 27. Qc2 Ne5 28. Qe4 Nc6 29. Qc2 g5 30. h3 Bd7 31. Nd2 Ne5 32. Qe4 Bc6 33. Qf5 Qxf5 34. gxf5 Kg7 35. f3 Kf6 36. e4 Bd7 37. Kf2 Nc6 38. Nb3 b6 39. Ke3 Ke5 40. Nc1 Nd4 41. Nd3+ Kd6 42. f4 gxf4+ 43. Nxf4 Bc6 44. Bd3 b5 45. Nd5 Bxd5 46. exd5 Ke5 47. cxb5 axb5 48. d6 Kxd6 49. Kf4 c4 50. Bf1 f6 51. a4 bxa4 52. Bxc4 Nc2 53. Bb5 a3 54. bxa3 Nxa3 55. Bd3 Kd5 56. Kg4 Kd4 57. Ba6 Nc2 58. Kxh4 Ne3 1/2-1/2